UBT Library

WHEATER'S FUNCTIONAL HISTOLOGY (Record no. 59180)

000 -LEADER
fixed length control field 00349nam a22001457a 4500
008 - FIXED-LENGTH DATA ELEMENTS--GENERAL INFORMATION
fixed length control field 221213b ||||| |||| 00| 0 eng d
020 ## - INTERNATIONAL STANDARD BOOK NUMBER
International Standard Book Number 9780443056123
041 ## - LANGUAGE CODE
Language code of text/sound track or separate title eng
080 ## - UNIVERSAL DECIMAL CLASSIFICATION NUMBER
Edition identifier FOURTH EDITION
Universal Decimal Classification number 611.085
082 ## - DEWEY DECIMAL CLASSIFICATION NUMBER
Classification number 611.085LIV
100 ## - Rafti
Rafti 15.1
101 ## - Shkurtesa
Shkurtesa HISTOL
245 ## - TITLE STATEMENT
Title WHEATER'S FUNCTIONAL HISTOLOGY
Statement of responsibility, etc YOUNG B
942 ## - ADDED ENTRY ELEMENTS (KOHA)
Source of classification or shelving scheme
Item type Books
Holdings
Withdrawn status Lost status Source of classification or shelving scheme Damaged status Not for loan Collection code Permanent location Current location Date acquired Total Checkouts Full call number Barcode Date last seen Price effective from Koha item type
          Koleksioni i përgjithshem UBT - Lipjan UBT - Lipjan 12/13/2022   611.085LIV 002-8000287002601114 12/13/2022 12/13/2022 Books
UBT Library © 2015-2024. All rights reserved University Education for Business and Technology